Les présidents de la IIIe (Troisième) République - Statistiques

Statistiques générales
  • Ce quiz a été pris 17 fois
  • Le résultat moyen est 9 sur 14
Statistiques - réponses
Hint Réponse % Correct
1871-1873 Adolphe Thiers
92%
1873-1879 Patrice de Mac Mahon
92%
1931-1932 Paul Doumer
83%
1887-1894 Sadi Carnot
83%
1895-1899 Félix Faure
75%
1913-1920 Raymond Poincaré
67%
1920-1924 Alexandre Millerand
58%
1879-1887 Jules Grévy
58%
1920-1920 Paul Deschanel
58%
1899-1906 Emile Loubet
50%
1894-1895 Jean Casimir-Périer
50%
1932-1940 Albert Lebrun
42%
1906-1913 Armand Fallières
25%
1924-1931 Gaston Doumergue
25%
Aucun quiz correspondant
Distribution des résultats
% des personnes avec chaque résultat
Percentile par nombre de réponses
Votre historique - résultats
Vous n’avez pas pris ce quiz